| 000 | 00646nam a22001937a 4500 | ||
|---|---|---|---|
| 003 | OSt | ||
| 005 | 20250721003056.0 | ||
| 008 | 250721b |||||||| |||| 00| 0 eng d | ||
| 020 | _a978-981-4416-32-0 | ||
| 040 |
_aDWCL-Main lib _cOC |
||
| 082 | _aCirc. 624.44 W931s 2012 | ||
| 245 | _aSolid waste engineering/ | ||
| 250 | _a second edition, Phil. | ||
| 260 |
_aSingapore : _bCengage Learning Asia, _c c2012. |
||
| 300 |
_a xxii, 401 pages : _billustrations ; _c23 cm. |
||
| 504 | _aIncludes appendix | ||
| 650 | _a1. Refuse and refuse disposal--Textbooks. I. Vesilind, P. Aarne. | ||
| 942 |
_2ddc _cBK-CIRC _e second edition, Phil. _kCirc. _n0 |
||
| 999 |
_c3788 _d3788 |
||